|
|
|
|
| LEADER |
00661cam a2200229 7i4500 |
| 001 |
0000036738 |
| 005 |
20211216090000.0 |
| 007 |
##ta |
| 008 |
211216s2016 enka 00 eng d |
| 020 |
# |
# |
|a 9780753729847
|
| 040 |
# |
# |
|a MATR
|
| 090 |
0 |
0 |
|a FI 508
|b FIV
|
| 245 |
0 |
0 |
|a 501 MUST-VISIT NATURAL WONDERS.
|
| 246 |
3 |
0 |
|a Five hundred and one must-see natural wonders.
|
| 264 |
# |
0 |
|a London:
|b Bounty,
|c 2016.
|
| 300 |
# |
# |
|a 379 pages:
|b illustrations(colour);
|c 24cm.
|
| 336 |
# |
# |
|a text
|2 rdacontent
|
| 337 |
# |
# |
|a unmediated
|2 rdamedia
|
| 338 |
# |
# |
|a volume
|2 rdacarrier
|
| 650 |
# |
0 |
|a English fiction
|
| 650 |
0 |
0 |
|a Natural history
|
| 999 |
|
|
|a 0000041627
|b Book
|c Book
|e BICplus
|